| 000 | 00623cam a22002411 4500 | ||
|---|---|---|---|
| 001 | sa 64007373 | ||
| 003 | DLC | ||
| 005 | 20260227112046.0 | ||
| 008 | 941008s1962 ii 000 0 orio | ||
| 010 | _asa 64007373 | ||
| 025 | _aPL480:I-O-181 | ||
| 035 | _a(OCoLC)31249122 | ||
| 040 |
_aDLC _cCU _dCU _dDLC |
||
| 050 | 0 | 0 |
_aPN6065.O7 _bP3 |
| 100 | 1 |
_aPanda, Uma Shankar, _d1931- |
|
| 245 | 1 | 0 | _aAspatī kanyāra kāhāṇī. |
| 260 | _c[1962] | ||
| 300 |
_a164 p. _c22 cm. |
||
| 500 | _aIn Oriya. | ||
| 500 | _aShort stories. | ||
| 650 | 0 | _aShort stories, Oriya. | |
| 650 | 0 |
_aLiterature _vTranslations into Oriya. |
|
| 999 |
_c60202 _d60202 |
||